Mathematics Abbreviations - Statistics

General Stats
  • This quiz has been taken 49 times
    7 since last reset
  • The average score is 15 of 21
Answer Stats
Abbreviation Full Version % Correct
cos Cosine
100%
lim Limit
100%
log Logarithm
100%
ln Natural Logarithm
100%
sin Sine
100%
tan Tangent
100%
sec Secant
86%
iff If and only if
71%
Im Imaginary
71%
mod Modulo
71%
ODE Ordinary differential equation
71%
PDE Partial differential equation
71%
Re Real
71%
sup Supremum
71%
det Determinant
57%
inf Infimum
57%
w.r.t. With respect to
57%
s.t. Such that
43%
AC / AoC Axiom of Choice
29%
QED Quod erat demonstrandum
29%
ZFC Zermelo–Fraenkel Set Theory (With Choice)
14%
No matching quizzes found
Score Distribution
Percent of People with Each Score
Percentile by Number Answered
Your Score History
You have not taken this quiz since the last reset